देवी पूजा रहस्य/ (Record no. 63746)

MARC details
000 -LEADER
fixed length control field 00775nam a22001817a 4500
005 - DATE AND TIME OF LATEST TRANSACTION
control field 20120305113928.0
020 ## - INTERNATIONAL STANDARD BOOK NUMBER
Terms of availability 90.00
International Standard Book Number 8185883335
035 ## - SYSTEM CONTROL NUMBER
System control number B-51887
037 ## - SOURCE OF ACQUISITION
Source of stock number/acquisition
Stock number dpl
082 ## - DEWEY DECIMAL CLASSIFICATION NUMBER
Classification number 230.64
100 ## - MAIN ENTRY--PERSONAL NAME
Personal name जियोतिर्मयानन्द
245 ## - TITLE STATEMENT
Title देवी पूजा रहस्य/
Statement of responsibility, etc जियोतिर्मयानन्द
260 ## - PUBLICATION, DISTRIBUTION, ETC. (IMPRINT)
Place of publication, distribution, etc दिल्ली
Name of publisher, distributor, etc भावना प्रकाशन
Date of publication, distribution, etc 2002
270 ## - ADDRESS
Address
City
Postal code
Telephone number
300 ## - PHYSICAL DESCRIPTION
Extent 192पृ.
Dimensions 22सेमी (सजिल्द)
942 ## - ADDED ENTRY ELEMENTS (KOHA)
Institution code [OBSOLETE] dpl
Item type Hindi Books
Call number prefix
Source of classification or shelving scheme Dewey Decimal Classification
Classification part 230.64
Call number suffix जियोति
Holdings
Withdrawn status Lost status Not for loan Collection code Home library Current library Date acquired Cost, normal purchase price Full call number Barcode Cost, replacement price Koha item type
      Non-fiction Sarojini Nagar Sarojini Nagar 05/03/2012 90.00 230.64 जियोति B-51887 90.00 Hindi Books

© Delhi Public Library
Hit Counter
free hit counter